| 000 | 00592nam a2200229 4500 | ||
|---|---|---|---|
| 999 |
_c7313 _d7313 |
||
| 001 | 7313 | ||
| 003 | BD - Jhcc | ||
| 005 | 20180208181639.0 | ||
| 008 | 880525s1987 enk 000 1 eng d | ||
| 020 | _a0233981527 | ||
| 035 | _a(BD-JhCC)7313 | ||
| 040 |
_aBD-JhCC _dBD-JhCC |
||
| 041 | _aeng | ||
| 082 |
_a813/.54 _219 _bVID 1987 |
||
| 100 | 1 |
_aVidal, Gore _d1925-2012. |
|
| 245 | 1 | 0 |
_aEmpire : _ba novel / _cby Gore Vidal |
| 260 |
_aLondon : _bDeutsch, _c1987 |
||
| 300 |
_a587 p. ; _c24 cm |
||
| 650 |
_aFiction _vHistory _y1901-1909 _zUnited State |
||
| 942 |
_2ddc _cBK |
||